Những qui định cụ thể để thi hành điều lệ Đảng /

Đã lưu trong:
书目详细资料
企业作者: Đảng cộng sản Việt Nam.
格式: Sách giấy
语言:Vietnamese
出版: H. : Sự thật, 1978.
标签: 添加标签
没有标签, 成为第一个标记此记录!
Thư viện lưu trữ: Thư viện Trường Đại học Đà Lạt
LEADER 00683nam a2200277 4500
001 DLU130157748
005 ##20130911
040 # # |a DLU  |b vie 
041 # # |a vie 
044 # # |a vn 
082 # # |a 324.23  |b DAN 
110 # # |a Đảng cộng sản Việt Nam. 
245 # # |a Những qui định cụ thể để thi hành điều lệ Đảng /  |c Đảng cộng sản Việt Nam. 
260 # # |a H. :  |b Sự thật,  |c 1978. 
300 # # |a 58 tr. ;  |c 16 cm. 
923 # # |a TL 
991 # # |a SH 
992 # # |a 0.40 
994 # # |a DLU 
900 # # |a True 
911 # # |a Trương Thị Mỹ Lệ 
925 # # |a G 
926 # # |a A 
927 # # |a SH 
980 # # |a Thư viện Trường Đại học Đà Lạt